| 000 | 00445nam a2200169Ia 4500 | ||
|---|---|---|---|
| 008 | 131103s9999 xx 000 0 und d | ||
| 040 | _aLoreto College | ||
| 041 | _aEnglish | ||
| 082 |
_aF/HEM _bLCBED/6434 |
||
| 100 | _aHemingway,Ernest | ||
| 245 |
_aFor whom the bell tolls _cErnest Hemingway |
||
| 260 |
_aEngland _bPenguin books _c1969 |
||
| 300 |
_a439 p. _c 19 cm. |
||
| 650 | _aEnglish fiction | ||
| 850 | _aLCBED/F/HEM | ||
| 942 | _cBK | ||
| 999 |
_c32289 _d82768 |
||